Geografía de Chile: educación media
Salvato in:
| Autori principali: | , , |
|---|---|
| Natura: | Libro |
| Lingua: | spagnolo |
| Pubblicazione: |
Santiago
Santillana
1994
|
| Soggetti: | |
| Tags: |
Aggiungi Tag
Nessun Tag, puoi essere il primo ad aggiungerne!!
|
MARC
| LEADER | 00000nam a2200000 a 4500 | ||
|---|---|---|---|
| 001 | UCQ4539 | ||
| 003 | CL-VaPUC | ||
| 008 | 980910e19940000CL |||||||||||||||||spa|d | ||
| 082 | 0 | 4 | |a 372.891 |b DOM |2 21 |
| 100 | 0 | |a Domic Kuscevic, Lenka |e author |9 418702 | |
| 700 | 0 | |a Fuentes Aravena, Adela |e author |9 418703 | |
| 700 | 0 | |a Gecele Ciuffi, Patrizio |e author |9 418704 | |
| 245 | 1 | 0 | |a Geografía de Chile: educación media |
| 300 | |a 255 p | ||
| 942 | |c BK | ||
| 945 | |d 19980910 00:00:00 |a aarredon | ||
| 260 | |a Santiago |b Santillana |c 1994 | ||
| 650 | 0 | |a Enseñanza de la geografía |9 310005 | |
| 650 | 0 | |a Climatología |9 262302 | |
| 650 | 0 | |a Regionalización |9 255465 | |
| 650 | 0 | |a Geología |9 260984 | |
| 651 | 7 | |a CHILE |2 CL-VaPUC |9 418705 | |
| 583 | |a last modification |c 19980910 00:00:00 |k Rodrigo Vera | ||
| 999 | |c 274911 |d 274909 | ||
| 952 | |0 0 |1 0 |4 0 |6 372_891000000000000_DOM_1994 |7 0 |8 A |9 311282 |a BIBHIS |b BIBHIS |d 2019-11-20 |i 3462102 |l 2 |m 2 |o 372.891 DOM 1994 |p 3462102 |q 2030-12-20 |r 2020-10-06 |s 2020-10-06 |w 2019-11-20 |y BK |k HIS | ||
| 952 | |0 0 |1 0 |4 0 |6 372_891000000000000_DOM_1994 |7 0 |8 A |9 311283 |a BIBHIS |b BIBHIS |d 2019-11-20 |i 3547302 |o 372.891 DOM 1994 |p 3547302 |r 2025-01-20 |w 2019-11-20 |y BK |k HIS | ||